| 000 | 00607nam a22001577a 4500 | ||
|---|---|---|---|
| 999 |
_c9941 _d9941 |
||
| 008 | 180723b ||||| |||| 00| 0 eng d | ||
| 082 |
_22018 _aUT 0887 _bA22 |
||
| 100 |
_929350 _aAdang, Jade A. |
||
| 245 |
_aDelivery of basic social services of barangay officials in sibulan, sta. cruz, davao del sur/ _cJade A. Adang and Stephen Drexler R. Doria. |
||
| 260 |
_aDigos City: _bUMDC _cMarch 2018. |
||
| 300 |
_a76 pages; _b29.5 cm. |
||
| 650 | 0 |
_929351 _aLiberal Arts. _vPolitical Science _xUndergraduate theses. |
|
| 700 |
_929352 _aAdang, Jade A. |
||
| 700 |
_929353 _aDoria, Stephen Drexler R. |
||
| 942 |
_2ddc _cUT |
||